Largest city of countries that aren't the capital - Statistics

General Stats
  • This quiz has been taken 20 times
  • The average score is 17 of 33
Answer Stats
Hint Answer % Correct
USA New York
100%
Australia Sydney
100%
New Zealand Auckland
95%
Morocco Casablanca
95%
UAE Dubai
95%
Vietnam Ho Chi Minh City
95%
South Africa Johannesburg
95%
India Mumbai
95%
Brazil Sao Paulo
95%
Canada Toronto
95%
Pakistan Karachi
85%
Tanzania Dar es salaam
70%
Cote D'ivoire Abidjan
65%
Kazakhstan Almaty
65%
Belize Belize city
65%
Myanmar Yangon
65%
Cameroon Douala
60%
Ecuador Guayaquil
55%
Burundi Bujumbura
40%
Philippines (not metropolitan area) Quezon City
40%
Palau Koror
30%
Liechtenstein Schaan
25%
Bolivia Santa cruz de la sierra
15%
Trinidad and Tobago Chaguanas
10%
Eswatini Manzini
10%
Malta St Paul's Bay
10%
Equatorial Guinea Bata
5%
San marino Dogana
5%
Micronesia Weno
5%
Kiribati Betio
0%
Marshall Islands Ebeye
0%
Fiji Nasinu
0%
The Gambia Serekunda
0%
No matching quizzes found
Score Distribution
Percent of People with Each Score
Percentile by Number Answered
Your Score History
You have not taken this quiz